000 00466nam a2200181Ia 4500
008 230711s9999||||xx |||||||||||||| ||und||
020 _a978-93-5270-145-2
041 _aENG
082 _a612
_bNA-H
100 _aNageswari, K Sri
245 0 _aPractical Workbook of Human Physiology
250 _a2nd Ed.
260 _c2018
_aNew Delhi
_bJaypee The Health Sciences Publishers
300 _a300p.
650 _aPharmacy
700 _aSharma, Rajeev
942 _cBK
999 _c7466
_d7466